00000000nam 2200000zi 4500
0019.920637
003CaOODSP
00520231012154009
006m     o  d f      
007cr mn|||||||||
008230306t20232023onca    ob   f000 0 eng d
020 |a9780660479088
040 |aCaOODSP|beng|erda|cCaOODSP
043 |an-cn---
045 |ay2y2
0861 |aFA1-26/2023-1-5E-PDF
1101 |aCanada. |bCommissioner of the Environment and Sustainable Development, |eauthor, |eissuing body.
24510|aEmission reductions through greenhouse gas regulations - Environment and Climate Change Canada : |bindependent auditor's report.
264 1|a[Ottawa] : |bOffice of the Auditor General of Canada = Bureau du vérificateur général du Canada, |c2023.
264 4|c©2023
300 |a1 online resource (v, 25 pages) : |billustrations (some colour).
336 |atext|btxt|2rdacontent
337 |acomputer|bc|2rdamedia
338 |aonline resource|bcr|2rdacarrier
4901 |aReports of the Commissioner of the Environment and Sustainable Development to the Parliament of Canada, |x2561-1801 ; |vreport 5
500 |aIssued also in French under title: La réduction des émissions par la réglementation des gaz à effet de serre - Environnement et changement climatique Canada : rapport de l'auditeur indépendant.
504 |aIncludes bibliographical references.
520 |a"This independent assurance report was prepared by the Office of the Auditor General of Canada on Canada's implementation of greenhouse gas regulations. Our responsibility was to provide objective information, advice, and assurance to assist Parliament in its scrutiny of the government's management of resources and programs and to conclude on whether Environment and Climate Change Canada complied in all significant respects with the applicable criteria. … The objective of this audit was to examine whether selected regulations administered by Environment and Climate Change Canada achieved their greenhouse gas emission reduction targets and contributed as intended to long-term mitigation goals"--About the audit, page 22.
61010|aCanada. |bEnvironment and Climate Change Canada|xAuditing.
650 0|aGreenhouse gas mitigation|xLaw and legislation|zCanada|xAuditing.
77508|tLa réduction des émissions par la réglementation des gaz à effet de serre - Environnement et changement climatique Canada : |w(CaOODSP)9.920639
830#0|aReports of the Commissioner of the Environment and Sustainable Development to the Parliament of Canada ;|vreport 5.|w(CaOODSP)9.842750
85640|qPDF|s775 KB|uhttps://publications.gc.ca/collections/collection_2023/bvg-oag/FA1-26-2023-1-5-eng.pdf
8564 |qHTML|sN/A|uhttps://www.oag-bvg.gc.ca/internet/English/att__e_44248.html